[Event "Xtracon Chess Open 2017"]
[Site "Helsingor DEN"]
[Date "2017.07.24"]
[Round "4.16"]
[White "Rietze, Clemens"]
[Black "Schroeder, Jan-Christian"]
[Result "0-1"]
[WhiteTitle "FM"]
[BlackTitle "GM"]
[WhiteElo "2343"]
[BlackElo "2539"]
[WhiteFideId "24620351"]
[BlackFideId "24662259"]
[EventDate "2017.07.22"]

1. d4 d5 2. c4 e6 3. Nc3 Nf6 4. cxd5 exd5 5. Bg5 Be7 6. e3 O-O 7. Bd3 Re8 8. Qc2
h6 9. Bh4 c5 10. Nge2 c4 11. Bf5 Nc6 12. O-O Nb4 13. Qb1 Bxf5 14. Qxf5 g6 15.
Qb1 Nd3 16. Nc1 Nxc1 17. Qxc1 Qd7 18. Qd1 Kg7 19. a4 Rad8 20. a5 a6 21. Qa4 Qe6
22. Rfc1 Ng4 23. Bxe7 Rxe7 24. Qc2 Qd6 25. g3 h5 26. Qe2 f5 27. Qf3 h4 28. Kg2
h3+ 29. Kg1 Nf6 30. Qd1 Rc8 31. Ne2 g5 32. Qc2 Qe6 33. Re1 Rce8 34. Nc3 f4 35.
Qd1 fxg3 36. hxg3 Rf7 37. Qe2 Ne4 38. Nd1 Ref8 39. Rc1 g4 40. Rc2 Ng5 41. Nc3
Nf3+ 42. Kh1 Nxe1 43. Qxe1 Qf5 44. Qd1 Qxc2 45. Qxc2 Rxf2 46. Ne2 h2 47. e4 Rf1+ 0-1

[Event "Xtracon Chess Open 2017"]
[Site "Helsingor DEN"]
[Date "2017.07.24"]
[Round "4.17"]
[White "Jobava, Baadur"]
[Black "Ezra, Paul Chambers"]
[Result "1-0"]
[WhiteTitle "GM"]
[BlackTitle "FM"]
[WhiteElo "2714"]
[BlackElo "2162"]
[WhiteFideId "13601520"]
[BlackFideId "20300204"]
[EventDate "2017.07.22"]

1. e4 c5 2. Nf3 Nc6 3. d4 cxd4 4. Nxd4 e5 5. Nb5 d6 6. Be2 Be7 7. Be3 a6 8. N5c3
Bg5 9. Nd2 Bxe3 10. fxe3 Be6 11. Nc4 Bxc4 12. Bxc4 Nf6 13. O-O O-O 14. a3 Rc8
15. Ba2 Na5 16. Qd3 b5 17. Nd5 Nxd5 18. Bxd5 Qc7 19. Rf2 Kh8 20. a4 Nc6 21. c3
Rb8 22. axb5 axb5 23. Ra6 Rb6 24. Rxb6 Qxb6 25. Rxf7 1-0

[Event "Xtracon Chess Open 2017"]
[Site "Helsingor DEN"]
[Date "2017.07.24"]
[Round "4.18"]
[White "Sasikiran, Krishnan"]
[Black "Malmstig, Erik"]
[Result "1-0"]
[WhiteTitle "GM"]
[BlackTitle "FM"]
[WhiteElo "2688"]
[BlackElo "2266"]
[WhiteFideId "5004985"]
[BlackFideId "1702866"]
[EventDate "2017.07.22"]

1. e4 c5 2. Nf3 e6 3. d4 cxd4 4. Nxd4 a6 5. Bd3 Qc7 6. Qe2 b5 7. a4 b4 8. Nd2
Bb7 9. a5 d5 10. e5 Nd7 11. f4 g5 12. N2f3 gxf4 13. Bxf4 Ne7 14. O-O Ng6 15. Bg3
Bh6 16. Nf5 Bf8 17. Nd6+ Bxd6 18. exd6 Qc5+ 19. Kh1 O-O 20. Ng5 Kg7 21. Qh5 1-0

[Event "Xtracon Chess Open 2017"]
[Site "Helsingor DEN"]
[Date "2017.07.24"]
[Round "4.19"]
[White "Shabalov, Alexander"]
[Black "Heimisson, Hilmir Freyr"]
[Result "1-0"]
[WhiteTitle "GM"]
[WhiteElo "2549"]
[BlackElo "2215"]
[WhiteFideId "2008572"]
[BlackFideId "2309998"]
[EventDate "2017.07.22"]

1. e4 e5 2. Nf3 Nc6 3. Bb5 a6 4. Ba4 Nf6 5. Qe2 b5 6. Bb3 d6 7. c3 Be7 8. O-O
O-O 9. d4 Bg4 10. Rd1 Qc8 11. a4 Qb7 12. Bg5 Nh5 13. Be3 Na5 14. Bc2 Nc4 15. Bc1
c5 16. h3 Bxf3 17. Qxf3 Nf6 18. d5 h6 19. b3 Nb6 20. Nd2 c4 21. bxc4 Nxc4 22.
Nxc4 bxc4 23. a5 Nd7 24. Ba4 Nc5 25. Bc6 Qb3 26. Bxa8 Rxa8 27. Be3 Nd3 28. Rab1
Qxc3 29. Rb7 Kf8 30. Rdb1 Re8 31. Qf5 Qxa5 32. Qh7 f6 33. Bxh6 gxh6 34. Rxe7
Rxe7 35. Rb8+ Re8 36. Qh8+ 1-0

[Event "Xtracon Chess Open 2017"]
[Site "Helsingor DEN"]
[Date "2017.07.24"]
[Round "4.20"]
[White "Wadsworth, Matthew J"]
[Black "Kollars, Dmitrij"]
[Result "1/2-1/2"]
[WhiteTitle "FM"]
[BlackTitle "IM"]
[WhiteElo "2298"]
[BlackElo "2510"]
[WhiteFideId "415804"]
[BlackFideId "12909572"]
[EventDate "2017.07.22"]

1. e4 c5 2. Nf3 Nc6 3. d4 cxd4 4. Nxd4 e6 5. Nc3 Qc7 6. Be3 a6 7. Bd3 Nf6 8. O-O
Nxd4 9. Bxd4 Bc5 10. Bxc5 Qxc5 11. Qe2 d6 12. Kh1 O-O 13. a4 e5 14. f4 exf4 15.
Rxf4 Qe5 16. Raf1 Be6 17. Bc4 Rac8 18. Bxe6 fxe6 19. Qd3 Rf7 20. g3 Rfc7 21. Rd1
Rc6 22. Rd2 Rb6 23. Nd1 g5 24. Rf3 Nxe4 25. Re2 d5 26. c3 Rd6 27. Nf2 Nxf2+ 28.
Rexf2 Qe4 29. Qxe4 dxe4 30. Re3 Rc4 31. b3 Rcc6 32. c4 Rd3 33. Rxe4 Rxb3 34. Re5
h6 35. Rf6 Rb1+ 36. Kg2 Rb2+ 37. Kf3 Rxh2 38. Rfxe6 Rxe6 39. Rxe6 Rc2 40. Rxh6
Rxc4 41. Rb6 g4+ 42. Ke3 Rxa4 43. Rxb7 Kf8 44. Ra7 Ke8 45. Kd3 Kd8 46. Kc3 Ra3+
47. Kb4 Rxg3 48. Rxa6 Ke7 49. Kc4 Rf3 50. Kd4 Kf7 51. Ke4 Kg7 52. Rb6 Kh7 53.
Ra6 Rf1 54. Ke3 Kg7 55. Rb6 Rf3+ 56. Ke4 Kh7 57. Ra6 Rf1 58. Ke3 g3 59. Ra2 Rf2
60. Rxf2 gxf2 1/2-1/2

[Event "Xtracon Chess Open 2017"]
[Site "Helsingor DEN"]
[Date "2017.07.24"]
[Round "4.21"]
[White "Tan, Justin2"]
[Black "Halfhide, Sebastian"]
[Result "1/2-1/2"]
[WhiteTitle "IM"]
[WhiteElo "2462"]
[BlackElo "2253"]
[WhiteFideId "3206882"]
[BlackFideId "1045946"]
[EventDate "2017.07.22"]

1. e4 e5 2. Nf3 Nf6 3. Nxe5 d6 4. Nf3 Nxe4 5. Nc3 Nxc3 6. dxc3 Be7 7. Be3 Nc6 8.
Qd2 O-O 9. O-O-O Ne5 10. Nxe5 dxe5 11. Bd3 Bd6 12. Bc4 Qe8 13. Qe2 Be6 14. Kb1
f5 15. g4 Bxc4 16. Qxc4+ Qf7 17. Qe2 a6 18. gxf5 Qxf5 19. Rhg1 Rae8 20. Rg5 Qe6
21. Rdg1 Rf7 22. R5g4 Qf5 23. Qc4 Bf8 24. a3 Qe6 25. Qe4 c6 26. Rg5 Rf6 27. h4
Kh8 28. h5 h6 29. R5g3 Qf5 30. Qg2 Qd7 31. Rg4 Rd6 32. Qf3 Rf6 33. Qe2 Qf5 34.
R4g3 Rd8 35. Bb6 Re8 36. Rd3 c5 37. Bd8 Qxf2 38. Qg4 Rf7 39. Bh4 Qf5 40. Qe2 e4
41. Re3 Bd6 42. Re1 Kh7 43. a4 Re6 1/2-1/2

[Event "Xtracon Chess Open 2017"]
[Site "Helsingor DEN"]
[Date "2017.07.24"]
[Round "4.22"]
[White "Svane, Frederik"]
[Black "Goh, Wei Ming Kevin"]
[Result "0-1"]
[BlackTitle "IM"]
[WhiteElo "2276"]
[BlackElo "2446"]
[WhiteFideId "12923044"]
[BlackFideId "5800706"]
[EventDate "2017.07.22"]

1. c4 e6 2. Nf3 Nf6 3. d4 d5 4. Qc2 Nbd7 5. g3 c5 6. cxd5 Nxd5 7. Bg2 Nb4 8. Qd2
cxd4 9. Nxd4 Nf6 10. O-O e5 11. Nb5 Qb6 12. N1a3 a6 13. Nc3 Be6 14. b3 Rd8 15.
Qb2 Qc7 16. Bg5 Be7 17. Rac1 Qb8 18. Ne4 Nxe4 19. Bxe7 Kxe7 20. Bxe4 Rd4 21. Bg2
Qd6 22. Nb1 h5 23. a3 Nc6 24. h4 g5 25. hxg5 h4 26. Rc3 Bd5 27. f3 hxg3 28. Nd2
Rh2 29. Rfc1 Rxd2 30. Qxd2 Rxg2+ 31. Kf1 Rf2+ 32. Ke1 Nd4 33. Re3 Bxf3 34. Qb4
Qxb4+ 35. axb4 Rxe2+ 36. Rxe2 Nxe2 0-1

[Event "Xtracon Chess Open 2017"]
[Site "Helsingor DEN"]
[Date "2017.07.24"]
[Round "4.23"]
[White "Seo, Jung Min"]
[Black "Percivaldi, Martin"]
[Result "0-1"]
[BlackTitle "IM"]
[WhiteElo "2270"]
[BlackElo "2433"]
[WhiteFideId "1734687"]
[BlackFideId "1508148"]
[EventDate "2017.07.22"]

1. e4 e6 2. d4 d5 3. Nc3 Nf6 4. Bg5 Bb4 5. e5 h6 6. exf6 hxg5 7. fxg7 Rg8 8. h4
gxh4 9. Qh5 Qf6 10. Rxh4 Qxg7 11. Ne2 Bd7 12. a3 Be7 13. Rh3 Nc6 14. Rg3 Qh8 15.
Rxg8+ Qxg8 16. Nb5 Kd8 17. Qh2 Rc8 18. Nbc3 Bd6 19. Qh4+ Ne7 20. Nf4 c6 21. Nd3
Kc7 22. O-O-O Nf5 23. Qf6 Qh8 24. Qxh8 Rxh8 25. Ne5 Be8 26. Nf3 Nh4 27. Ne1 f6
28. Be2 e5 29. dxe5 fxe5 30. Rd3 Bd7 31. Rg3 e4 32. Rg7 Nf5 33. Rf7 Nh6 34. Rg7
Be5 35. Re7 Bf6 36. Rxd7+ Kxd7 37. Kd1 Nf7 38. f4 exf3 39. Nxf3 Rg8 40. Bf1 Bxc3
41. bxc3 Kd6 42. c4 Rg4 43. cxd5 cxd5 44. Kc1 Ne5 45. Nxe5 Kxe5 46. Kb2 Kd4 47.
Kb3 Ke3 48. a4 a5 49. c3 b6 50. Bb5 Rxg2 51. Bc6 Rg5 52. Ba8 Kd2 53. Bb7 Rg3 54.
Bxd5 Rxc3+ 55. Kb2 Kd3 56. Be6 Kd4 57. Bf7 Rg3 58. Be8 Kc4 59. Bd7 Kb4 60. Be8
Ra3 61. Bd7 Rxa4 0-1

[Event "Xtracon Chess Open 2017"]
[Site "Helsingor DEN"]
[Date "2017.07.24"]
[Round "4.24"]
[White "Zude, Erik"]
[Black "Leutwyler, Martin"]
[Result "1/2-1/2"]
[WhiteTitle "IM"]
[WhiteElo "2421"]
[BlackElo "2198"]
[WhiteFideId "4604644"]
[BlackFideId "1301969"]
[EventDate "2017.07.22"]

1. c4 c6 2. d4 d5 3. Nf3 Nf6 4. e3 Bg4 5. h3 Bh5 6. Nc3 e6 7. Qb3 Qb6 8. g4 Bg6
9. Ne5 Nbd7 10. Nxg6 hxg6 11. Bg2 g5 12. c5 Qc7 13. e4 Nxe4 14. Bxe4 dxe4 15.
Nxe4 Nf6 16. Ng3 O-O-O 17. Be3 Be7 18. O-O-O Nd5 19. Ne4 Nf4 20. Bxf4 Qxf4+ 21.
Qe3 Qxe3+ 22. fxe3 f5 23. Nf2 Bf6 24. Kd2 g6 25. Ke2 e5 26. dxe5 Bxe5 27. Rxd8+
Rxd8 28. Nd3 Re8 29. Kd2 Kd7 30. h4 fxg4 31. hxg5 Ke6 32. e4 Rf8 33. Ke2 g3 34.
Ke3 Rd8 35. Rd1 Rf8 36. Nxe5 Kxe5 37. Rd7 Ke6 38. Rd6+ Ke5 39. Rd7 Ke6 40. Rd6+
Ke5 1/2-1/2

[Event "Xtracon Chess Open 2017"]
[Site "Helsingor DEN"]
[Date "2017.07.24"]
[Round "4.25"]
[White "Miskulin, Dennis"]
[Black "Lindgren, Philip"]
[Result "1-0"]
[BlackTitle "IM"]
[WhiteElo "2198"]
[BlackElo "2420"]
[WhiteFideId "1705520"]
[BlackFideId "1713230"]
[EventDate "2017.07.22"]

1. e4 e5 2. f4 exf4 3. Nf3 Nf6 4. e5 Nh5 5. Bc4 d5 6. exd6 Bxd6 7. d4 O-O 8. O-O
Nc6 9. Nc3 Bf5 10. Nb5 Be7 11. c3 a6 12. Na3 Bd6 13. Bd3 Bxd3 14. Qxd3 Qf6 15.
Nc4 Rae8 16. Bd2 g5 17. Nxd6 cxd6 18. g4 Ng7 19. Rf2 d5 20. h4 gxh4 21. Rh2 Qg6
22. Qxg6 fxg6 23. Rxh4 h5 24. Kf2 Rf6 25. Rg1 Rfe6 26. gxh5 Ne7 27. Ne5 Nef5 28.
Rxf4 Nxh5 29. Rxf5 1-0

[Event "Xtracon Chess Open 2017"]
[Site "Helsingor DEN"]
[Date "2017.07.24"]
[Round "4.26"]
[White "Olsen, Filip Boe"]
[Black "Aabling-Thomsen, Jakob"]
[Result "1/2-1/2"]
[WhiteTitle "FM"]
[BlackTitle "IM"]
[WhiteElo "2189"]
[BlackElo "2391"]
[WhiteFideId "1440640"]
[BlackFideId "1407589"]
[EventDate "2017.07.22"]

1. d4 d6 2. Nf3 g6 3. c4 Bg7 4. Nc3 Nd7 5. e4 e5 6. Be2 Ne7 7. O-O O-O 8. Be3 h6
9. Qd2 Kh7 10. Rad1 Nc6 11. dxe5 dxe5 12. b4 Nxb4 13. Bc5 Na6 14. Bxf8 Qxf8 15.
Qe3 Ndc5 16. Rd5 c6 17. Rxe5 Bg4 18. Rxc5 Qxc5 19. Na4 Qxe3 20. fxe3 Rd8 21. Rd1
Rxd1+ 22. Bxd1 Be6 23. Be2 c5 24. e5 b6 25. Nc3 Nb4 26. Kf2 Kg8 27. Kg3 Kf8 28.
Kf4 Ke8 29. a3 Nc6 30. h4 Kd7 31. g4 Na5 32. Nd2 f6 33. Nb5 fxe5+ 34. Ke4 a6 35.
Nc3 Nb7 36. Na4 Kc6 37. Nc3 Nd6+ 38. Kd3 b5 39. cxb5+ axb5 40. Bf3+ Kb6 41. Nd5+
Bxd5 42. Bxd5 Bf8 43. e4 Be7 44. Nf3 c4+ 45. Kc2 Kc5 46. g5 hxg5 47. hxg5 Bd8
48. Kc3 Kb6 49. Nxe5 Bxg5 50. Nxg6 Kc5 51. Nf8 Bf6+ 52. Kc2 Kd4 53. Ne6+ Ke5 54.
Nc7 Bd8 55. Nxb5 Nxb5 56. Bxc4 Nxa3+ 57. Kb3 Be7 58. Bd5 Kd4 1/2-1/2

[Event "Xtracon Chess Open 2017"]
[Site "Helsingor DEN"]
[Date "2017.07.24"]
[Round "4.27"]
[White "Miedema, David"]
[Black "Palozza, Christian"]
[Result "1-0"]
[WhiteTitle "IM"]
[WhiteElo "2373"]
[BlackElo "2178"]
[WhiteFideId "1018477"]
[BlackFideId "895580"]
[EventDate "2017.07.22"]

1. e4 e6 2. d4 d5 3. Nc3 Nf6 4. e5 Nfd7 5. f4 c5 6. Nf3 Nc6 7. Be3 Qb6 8. a3
cxd4 9. Nxd4 Bc5 10. Na4 Qa5+ 11. c3 Bxd4 12. Bxd4 Nxd4 13. Qxd4 b6 14. Qb4 Qxb4
15. axb4 a6 16. b5 a5 17. Be2 Bb7 18. O-O g6 19. Bf3 Rc8 20. Rad1 Rc4 21. Rd4
Rxd4 22. cxd4 Ke7 23. Rc1 Rc8 24. Rxc8 Bxc8 25. g4 Bb7 26. Kf2 Kd8 27. Kg3 Ke7
28. Be2 Kf8 29. Bd3 Kg7 30. f5 h6 31. f6+ Kf8 32. g5 h5 33. Kh4 Kg8 34. Nc3 Bc8
35. Na4 Bb7 36. Be2 Bc8 37. Bf3 Bb7 38. Bd1 Bc8 39. Nc3 Bb7 40. b4 axb4 41. Na2
Bc8 42. Nxb4 Nf8 43. Be2 Bd7 44. Na6 Bc8 45. Nc7 Bb7 46. Ne8 Nd7 47. Nd6 Ba8 48.
Bf3 Kf8 49. Bxh5 gxh5 50. Kxh5 Kg8 51. Kg4 Nf8 52. h4 Nd7 53. h5 Nf8 54. Nc8 Nd7
55. g6 1-0

[Event "Xtracon Chess Open 2017"]
[Site "Helsingor DEN"]
[Date "2017.07.24"]
[Round "4.28"]
[White "Rosen, Eric S"]
[Black "Nielsen, Thomas Bach2"]
[Result "1-0"]
[WhiteTitle "IM"]
[WhiteElo "2369"]
[BlackElo "2144"]
[WhiteFideId "2032562"]
[BlackFideId "1401785"]
[EventDate "2017.07.22"]

1. e4 c6 2. c4 d5 3. exd5 cxd5 4. cxd5 Nf6 5. Nc3 Nxd5 6. Nf3 Nc6 7. Bb5 e6 8.
O-O Be7 9. Re1 O-O 10. d4 Bd7 11. Bd3 Bf6 12. Ne4 Be7 13. a3 Rc8 14. b4 a6 15.
Nc5 Qc7 16. Ng5 g6 17. Qg4 h5 18. Qe4 Nf6 19. Qh4 Ng4 20. Re4 e5 21. h3 Nh6 22.
Re1 Nxd4 23. Qg3 Nhf5 24. Bxf5 Nxf5 25. Qxe5 Bxc5 26. Qxc5 Qxc5 27. bxc5 Rxc5
28. Ne4 Rc6 29. Bb2 f6 30. Rad1 Bc8 31. Nxf6+ Kf7 32. Nh7 Re8 33. Ng5+ Kf8 34.
Be5 Rc5 35. f4 Rc2 36. Rd6 Rc6 37. Rxc6 bxc6 38. g4 hxg4 39. hxg4 Ne7 40. Nh7+
Kf7 41. Ng5+ Kf8 42. Bd6 Bxg4 43. Kf2 a5 44. Kg3 Bc8 45. Re5 Ba6 46. Rxa5 Bc4
47. Re5 Bd5 48. Kf2 1-0

[Event "Xtracon Chess Open 2017"]
[Site "Helsingor DEN"]
[Date "2017.07.24"]
[Round "4.29"]
[White "Grove, Peter"]
[Black "Haubro, Martin"]
[Result "0-1"]
[BlackTitle "IM"]
[WhiteElo "2182"]
[BlackElo "2365"]
[WhiteFideId "1411101"]
[BlackFideId "1414291"]
[EventDate "2017.07.22"]

1. e4 e5 2. Nc3 Nf6 3. Nf3 Nc6 4. d4 exd4 5. Nxd4 Bb4 6. Nxc6 bxc6 7. Bd3 d5 8.
exd5 cxd5 9. O-O O-O 10. Bg5 c6 11. Na4 Bd6 12. c3 c5 13. Bc2 Ba6 14. Re1 d4 15.
cxd4 cxd4 16. Bd3 Bxd3 17. Qxd3 Bxh2+ 18. Kxh2 Ng4+ 19. Kg1 Qxg5 20. Qg3 Qf5 21.
Rad1 Rad8 22. b3 h5 23. Qf3 Qg5 24. Re4 Rfe8 25. Nb2 Qh4 26. Rxe8+ Rxe8 27. g3
Qh2+ 28. Kf1 Qh3+ 29. Kg1 Qh2+ 30. Kf1 Qh3+ 31. Kg1 h4 32. Nc4 Qh2+ 33. Kf1 hxg3 0-1

[Event "Xtracon Chess Open 2017"]
[Site "Helsingor DEN"]
[Date "2017.07.24"]
[Round "4.30"]
[White "Hartung-Nielsen, Jens"]
[Black "Kramer, Julian"]
[Result "1-0"]
[BlackTitle "FM"]
[WhiteElo "2175"]
[BlackElo "2333"]
[WhiteFideId "1400690"]
[BlackFideId "12921742"]
[EventDate "2017.07.22"]

1. e4 c5 2. d4 cxd4 3. c3 Nf6 4. e5 Nd5 5. Nf3 e6 6. cxd4 d6 7. a3 Bd7 8. Bd3
Bc6 9. O-O Nd7 10. b4 a6 11. Re1 Be7 12. Nbd2 dxe5 13. dxe5 Nc3 14. Qb3 Rc8 15.
Qxc3 Bxf3 16. Qd4 Bd5 17. Bb2 O-O 18. Ne4 Qb6 19. Rac1 Qxd4 20. Bxd4 Rfd8 21.
Bb1 Kf8 22. f4 a5 23. Nd6 Bxd6 24. exd6 axb4 25. axb4 Rc4 26. Rxc4 Bxc4 27. Be4
b5 28. Ra1 Nf6 29. Bc6 Bd5 30. Bxb5 Rb8 31. Bc5 Ne4 32. Ra5 h5 33. d7+ Nxc5 34.
bxc5 Ke7 35. Kf2 h4 36. g3 hxg3+ 37. hxg3 g6 38. Ke3 Rb7 39. Kd4 Rb8 40. g4 Rb7
41. g5 Rc7 42. Ra6 Rb7 43. Rb6 Rxb6 44. cxb6 Ba8 45. Kc5 Bb7 46. Ba4 Ba6 47. Bc6
Kd8 48. Kd6 1-0

[Event "Xtracon Chess Open 2017"]
[Site "Helsingor DEN"]
[Date "2017.07.24"]
[Round "4.31"]
[White "Moestrup, Jorn"]
[Black "Bjerre, Jonas Buhl"]
[Result "0-1"]
[BlackTitle "FM"]
[WhiteElo "2034"]
[BlackElo "2330"]
[WhiteFideId "1403680"]
[BlackFideId "1444948"]
[EventDate "2017.07.22"]

1. Nf3 Nf6 2. c4 e6 3. Nc3 c5 4. d4 cxd4 5. Nxd4 Bb4 6. Qb3 Bc5 7. Nf3 O-O 8.
Bg5 Be7 9. e4 d6 10. Be2 b6 11. Rd1 Nbd7 12. O-O Qc7 13. Nd4 a6 14. f3 Bb7 15.
Qc2 Rac8 16. Be3 Ne5 17. Nb3 d5 18. cxd5 exd5 19. Qb1 dxe4 20. Nxe4 Bxe4 21.
fxe4 Nfg4 22. Bxg4 Nxg4 23. Bf4 Qa7 24. Rd2 b5+ 25. Kh1 Rfd8 26. Re2 Bh4 27. g3
Be7 28. h3 Nf6 29. Kh2 Nh5 30. Rc1 Nxf4 31. gxf4 Bd6 32. e5 Bf8 33. Rxc8 Rxc8
34. Qf5 Rc4 35. Nd2 g6 36. Rg2 Rd4 37. Ne4 Qb7 38. Nf6+ Kh8 39. Qg4 Bh6 40. Nh5
Qd7 41. e6 Qxe6 42. Re2 Bxf4+ 43. Nxf4 Qxg4 0-1

[Event "Xtracon Chess Open 2017"]
[Site "Helsingor DEN"]
[Date "2017.07.24"]
[Round "4.32"]
[White "Haug, Johannes"]
[Black "Kocur, Johan"]
[Result "1-0"]
[WhiteTitle "FM"]
[WhiteElo "2328"]
[BlackElo "2055"]
[WhiteFideId "1509268"]
[BlackFideId "202614"]
[EventDate "2017.07.22"]

1. d4 Nf6 2. c4 e6 3. Nf3 b6 4. g3 Bb4+ 5. Bd2 a5 6. Bg2 c6 7. O-O O-O 8. Qc2
Na6 9. a3 Be7 10. e4 d5 11. e5 Nd7 12. cxd5 cxd5 13. Rc1 Ra7 14. Nc3 Nc7 15. h4
h6 16. Qd1 Ba6 17. Ne2 b5 18. Bxa5 Qb8 19. Bb4 Re8 20. Qd2 Bc8 21. Ne1 Na6 22.
Bxe7 Rxe7 23. Nd3 Nb6 24. b3 Qa8 25. Nb4 Bd7 26. Nf4 Nb8 27. Qb2 Be8 28. Nfd3
Ra5 29. Nc5 Nc6 30. Nxc6 Bxc6 31. Nd3 Be8 32. Nb4 Rea7 33. Nc2 f6 34. exf6 gxf6
35. Bh3 f5 36. Bf1 f4 37. Kh2 Rg7 38. Bh3 Bd7 39. Qc3 Ra7 40. gxf4 Qf8 41. Qf3
Qf6 42. Rg1 Be8 43. Rxg7+ Rxg7 44. Rg1 Bg6 45. Ne3 Kh8 46. Qg3 Qxd4 47. Bxe6 Be4
48. Qxg7+ Qxg7 49. Rxg7 Kxg7 50. Nf5+ Kf6 51. Nd4 Bb1 52. Bg4 Bd3 53. Kg3 Na8
54. Kf3 Nc7 55. Ke3 Bg6 56. Bd7 1-0

[Event "Xtracon Chess Open 2017"]
[Site "Helsingor DEN"]
[Date "2017.07.24"]
[Round "4.33"]
[White "Pallesen, Jacob"]
[Black "Fossan, Petter"]
[Result "0-1"]
[BlackTitle "FM"]
[WhiteElo "2054"]
[BlackElo "2301"]
[WhiteFideId "1404881"]
[BlackFideId "1500260"]
[EventDate "2017.07.22"]

1. Nf3 g6 2. d4 Nf6 3. c4 Bg7 4. Nc3 O-O 5. e3 c5 6. Bd3 cxd4 7. Nxd4 Nc6 8. O-O
d5 9. Nxc6 bxc6 10. cxd5 cxd5 11. Bd2 Bd7 12. Rc1 Qb8 13. b3 Ng4 14. f4 d4 15.
Nd5 dxe3 16. Nxe7+ Kh8 17. Bc3 Nf2 18. Qe2 Qd6 19. Bxg7+ Kxg7 20. Qxe3 Nxd3 21.
Rcd1 Bb5 22. f5 f6 23. fxg6 hxg6 24. Rf5 Ba6 25. Rd5 Qb6 26. Qxb6 axb6 0-1

[Event "Xtracon Chess Open 2017"]
[Site "Helsingor DEN"]
[Date "2017.07.24"]
[Round "4.34"]
[White "Grigoriants, Sergey"]
[Black "Grundekjon, Christian"]
[Result "1-0"]
[WhiteTitle "GM"]
[WhiteElo "2566"]
[BlackElo "2035"]
[WhiteFideId "4130804"]
[BlackFideId "1512625"]
[EventDate "2017.07.22"]

1. Nf3 d5 2. d4 Nf6 3. c4 c6 4. e3 e6 5. Bd3 dxc4 6. Bxc4 b5 7. Bd3 Bb7 8. O-O
Nbd7 9. e4 Be7 10. Qe2 a6 11. Rd1 Qc7 12. a4 b4 13. Bg5 c5 14. Nbd2 cxd4 15.
Rac1 Qd8 16. Nc4 Nc5 17. e5 Nfe4 18. Bxe4 Nxe4 19. Bxe7 Qxe7 20. Rxd4 O-O 21.
Rxe4 Bxe4 22. Qxe4 Rac8 23. b3 f5 24. exf6 gxf6 25. Re1 e5 26. Nd4 Qd7 27. Nf5
Rcd8 28. h3 Kh8 29. Nxe5 Qe8 30. Qb7 1-0

[Event "Xtracon Chess Open 2017"]
[Site "Helsingor DEN"]
[Date "2017.07.24"]
[Round "4.35"]
[White "Rasmussen, Allan Stig"]
[Black "Eriksson, Kristian"]
[Result "1-0"]
[WhiteTitle "GM"]
[WhiteElo "2540"]
[BlackElo "2093"]
[WhiteFideId "1406000"]
[BlackFideId "1705172"]
[EventDate "2017.07.22"]

1. e4 e5 2. Nf3 Nc6 3. Bb5 a6 4. Ba4 d6 5. c3 Bd7 6. d4 Nf6 7. O-O Be7 8. Re1
O-O 9. h3 Re8 10. Bb3 h6 11. Nbd2 Bf8 12. a4 Na5 13. Ba2 c5 14. d5 b5 15. b4 Nb7
16. a5 Rc8 17. Bb1 Rc7 18. Nf1 Qe7 19. Ra2 Rec8 20. Be3 cxb4 21. cxb4 Rc4 22.
Bd2 Nd8 23. Bd3 R4c7 24. Be3 Nh5 25. Bb6 Rc3 26. Ne3 Nf4 27. Bb1 Qf6 28. Kh2 h5
29. Ng1 h4 30. g3 Rc1 31. Qxc1 Rxc1 32. Rxc1 hxg3+ 33. fxg3 Nxh3 34. Nxh3 Qh6
35. Bxd8 Bxh3 36. Re1 Bg4+ 37. Kg1 Bf3 38. Rh2 Qg6 39. Nf5 Bg4 40. Kf2 f6 41.
Bb6 Qf7 42. Reh1 Qb7 43. Rh8+ Kf7 44. Rxf8+ 1-0

[Event "Xtracon Chess Open 2017"]
[Site "Helsingor DEN"]
[Date "2017.07.24"]
[Round "4.36"]
[White "Haria, Ravi"]
[Black "Rishovd, Svein"]
[Result "1/2-1/2"]
[WhiteTitle "FM"]
[WhiteElo "2417"]
[BlackElo "2092"]
[WhiteFideId "415820"]
[BlackFideId "1513060"]
[EventDate "2017.07.22"]

1. Nf3 d5 2. g3 Bg4 3. Bg2 Nd7 4. O-O c6 5. h3 Bh5 6. d3 Ngf6 7. Qe1 e5 8. e4
dxe4 9. dxe4 Bc5 10. Nbd2 O-O 11. a4 Re8 12. Nc4 b5 13. Na5 Qc7 14. Nh4 b4 15.
Nb3 Bf8 16. g4 Bg6 17. Qe2 Rad8 18. Nxg6 hxg6 19. Be3 c5 20. Nd2 Re6 21. Nc4 Nb6
22. a5 Nxc4 23. Qxc4 Nd7 24. c3 bxc3 25. bxc3 Nb8 26. a6 Rdd6 27. Qxc5 Rc6 28.
Qxa7 Qxa7 29. Bxa7 Nxa6 30. Rfc1 Rc7 31. Be3 Bc5 32. Bxc5 Nxc5 33. Rcb1 Re8 34.
Rb5 f6 35. g5 Kf7 36. gxf6 gxf6 37. Kh2 Rd8 38. Raa5 Ne6 39. Rb6 Nc5 40. Rbb5
Ne6 41. Rd5 Rb8 42. Bf3 Rb2 43. Kg3 Nf4 44. Rd6 Ke7 45. Rda6 Rb3 46. c4 Ne2+ 47.
Kg2 Nf4+ 48. Kg3 Ne2+ 49. Kg2 Nf4+ 1/2-1/2

[Event "Xtracon Chess Open 2017"]
[Site "Helsingor DEN"]
[Date "2017.07.24"]
[Round "4.37"]
[White "Sukandar, Irine Kharisma"]
[Black "Holinka, Henning"]
[Result "1-0"]
[WhiteTitle "IM"]
[WhiteElo "2409"]
[BlackElo "2087"]
[WhiteFideId "7101937"]
[BlackFideId "12967084"]
[EventDate "2017.07.22"]

1. e4 g6 2. d4 Bg7 3. Nc3 d6 4. Nf3 Nf6 5. h3 a6 6. a4 b6 7. Be3 O-O 8. Bd3 Bb7
9. Qd2 c5 10. Bh6 c4 11. Bxc4 Nxe4 12. Nxe4 Bxe4 13. Bxg7 Kxg7 14. Ng5 d5 15.
Nxe4 dxe4 16. Qe3 f5 17. g4 Nc6 18. O-O-O Qd6 19. d5 Ne5 20. Qd4 Rfc8 21. Bb3
Qf6 22. Kb1 Nf7 23. Qe3 b5 24. a5 Nd6 25. g5 Qf7 26. h4 Kh8 27. f3 Qg7 28. h5
gxh5 29. Rxh5 Nc4 30. Bxc4 Rxc4 31. Rdh1 Rac8 32. fxe4 Rb4 33. Rxh7+ Qxh7 34.
Rxh7+ Kxh7 35. exf5 Rc7 36. g6+ Kg8 37. Qe6+ Kf8 38. f6 1-0